Govt. of
Madhya Pradesh

India's New Middle Class (Record no. 8381)

MARC details
000 -LEADER
fixed length control field 004930000a22001810004500
003 - CONTROL NUMBER IDENTIFIER
control field MACL
005 - DATE AND TIME OF LATEST TRANSACTION
control field 20150716123757.0
008 - FIXED-LENGTH DATA ELEMENTS--GENERAL INFORMATION
fixed length control field 150716b xxu||||| |||| 00| 0 eng d
040 ## - CATALOGING SOURCE
Original cataloging agency MACL
Transcribing agency MACL
041 ## - LANGUAGE CODE
Language code of text/sound track or separate title English
082 ## - DEWEY DECIMAL CLASSIFICATION NUMBER
Classification number 330/FRE
100 ## - MAIN ENTRY--PERSONAL NAME
Personal name Fernandes, Leela
9 (RLIN) 2271
245 ## - TITLE STATEMENT
Title India's New Middle Class
Remainder of title Democratic Politics in an Era of Economic Reform
260 ## - PUBLICATION, DISTRIBUTION, ETC. (IMPRINT)
Name of publisher, distributor, etc. Oxford University Press
Date of publication, distribution, etc. 2008
Place of publication, distribution, etc. New Delhi
350 ## - PRICE (NR) (BK AM CF MU VM SE) [OBSOLETE]
Price 575
650 ## - SUBJECT ADDED ENTRY--TOPICAL TERM
Topical term or geographic name as entry element Economics
9 (RLIN) 74
942 ## - ADDED ENTRY ELEMENTS (KOHA)
Koha item type Books
Call number prefix 330
Source of classification or shelving scheme
Holdings
Withdrawn status Lost status Source of classification or shelving scheme Damaged status Not for loan Home library Current library Date acquired Cost, normal purchase price Total Checkouts Full call number Barcode Date last seen Uniform Resource Identifier Price effective from Koha item type
          MACL MACL 15/04/2015 575.00   330/FRE CRE022489 02/05/2024 8292 15/04/2015 Books